Go West, Young Man - Statistics

General Stats
  • This quiz has been taken 26 times
  • The average score is 14 of 20
Answer Stats
Hint Answer % Correct
Cairo 3 Morocco
95%
Cairo 2 Algeria
90%
Cairo 1 Libya
90%
Tokyo 2 China
86%
Tokyo 1 South Korea
81%
Cairo 4 United States
81%
Kiev 1 Poland
76%
Sydney 4 Argentina
71%
Kiev 5 France
71%
Kiev 3 Germany
71%
Sydney 1 South Africa
71%
Kiev 4 Belgium
67%
Sydney 2 Brazil
67%
Sydney 5 Chile
67%
Kiev 2 Czechia
67%
Sydney 3 Uruguay
67%
Tokyo 4 Afghanistan
62%
Tokyo 3 Pakistan
62%
Tokyo 5 Turkmenistan
57%
Cairo 5 Mexico
48%
No matching quizzes found
Score Distribution
Percent of People with Each Score
Percentile by Number Answered
Your Score History
You have not taken this quiz